[Event "Banff op U1600"]
[Site "Banff CAN"]
[Date "2022.11.13"]
[Round "6.58"]
[White "Vaagen, Nicholas"]
[Black "Nguyen, Katherine"]
[Result "0-1"]
[WhiteElo "1138"]
[BlackElo "899"]
[PlyCount "84"]
[EventDate "2022.11.11"]
[EventType "swiss"]
[EventRounds "6"]
[EventCountry "CAN"]

1. c4 e5 2. Nc3 Nf6 3. g3 c6 4. Bg2 d6 5. e4 b6 6. Nge2 Bb7 7. O-O Be7 8. d4
O-O 9. dxe5 dxe5 10. Be3 c5 11. Qc2 Qc7 12. Rad1 Nc6 13. Nd5 Nxd5 14. exd5 Nd4
15. Nxd4 exd4 16. Bf4 Bd6 17. Bxd6 Qxd6 18. a3 a5 19. Rfe1 Rfe8 20. a4 Re7 21.
Be4 g6 22. Bg2 Rae8 23. Qd2 Ba6 24. b3 Re5 25. f4 Re3 26. Rb1 Qe7 27. Kf1 Rxb3
28. Rxe7 Rxb1+ 29. Kf2 Rxe7 30. Bf1 Rb4 31. Qc2 Re3 32. Bd3 Bc8 33. d6 Bd7 34.
f5 Bxa4 35. Qd2 Rb3 36. Qc2 Rexd3 37. fxg6 hxg6 38. Qe2 Rf3+ 39. Kg2 Rfe3 40.
Qg4 Rb2+ 41. Kh3 Re8 42. d7 Rd8 0-1

[Event "Banff op U1600"]
[Site "Banff CAN"]
[Date "2022.11.13"]
[Round "6.59"]
[White "Nguyen, Dennis"]
[Black "McCall, Gordon"]
[Result "1-0"]
[WhiteElo "1028"]
[BlackElo "1306"]
[PlyCount "33"]
[EventDate "2022.11.11"]
[EventType "swiss"]
[EventRounds "6"]
[EventCountry "CAN"]

1. e4 c5 2. Nf3 Nc6 3. Bc4 e6 4. Nc3 Nf6 5. d3 d5 6. exd5 exd5 7. Bb5 Bg4 8. h3
Bxf3 9. Qxf3 Nd7 10. O-O Nd4 11. Qd1 a6 12. Re1+ Be7 13. Bxd7+ Qxd7 14. Bg5 f6
15. Bd2 O-O 16. Ne2 Nxe2+ 17. Qxe2 {illisible} 1-0

[Event "Banff op U2200"]
[Site "Banff CAN"]
[Date "2022.11.11"]
[Round "1.29"]
[White "Ivanescu, Mark"]
[Black "Yoker, Callum"]
[Result "1/2-1/2"]
[WhiteElo "1946"]
[BlackElo "1666"]
[PlyCount "116"]
[EventDate "2022.11.11"]
[EventType "swiss"]
[EventRounds "6"]
[EventCountry "CAN"]

1. d4 Nf6 2. Bf4 c5 3. d5 b5 4. c4 bxc4 5. Nc3 d6 6. Qa4+ Nbd7 7. e4 Qb6 8. Bd2
a6 9. Bxc4 Qb4 10. Bd3 Qxa4 11. Nxa4 g6 12. Nf3 Bg7 13. O-O Ng4 14. Rab1 Nge5
15. Nxe5 Nxe5 16. Be2 Rb8 17. b4 cxb4 18. Rxb4 Rxb4 19. Bxb4 Bd7 20. Nc3 Bc8
21. Rc1 O-O 22. Nd1 Bf6 23. Rc7 Bg4 24. f3 Bc8 25. Kf1 Nd7 26. Bc3 Kg7 27. Ra7
Bxc3 28. Nxc3 Kf6 29. Bxa6 Bxa6+ 30. Rxa6 Nc5 31. Rb6 Ra8 32. Ke2 h5 33. Rb4
Ra3 34. Kd2 g5 35. Kc2 e6 36. dxe6 fxe6 37. Kb2 Ra6 38. Kc2 Ra3 39. Rb8 Ke5 40.
g3 h4 41. Rg8 hxg3 42. Rxg5+ Kf4 43. Rxg3 Ra7 44. Kd2 Rh7 45. Ne2+ Ke5 46. Rg2
Ra7 47. Nc3 Kf4 48. Ne2+ Ke5 49. h4 Rxa2+ 50. Ke3 Ra3+ 51. Kf2 Nd3+ 52. Kg3 Ne1
53. Rf2 Nd3 54. Rh2 Ne1 55. Ng1 Ra8 56. Rd2 Rg8+ 57. Kf2 Rxg1 58. Re2 Rh1
1/2-1/2

[Event "Banff op U2200"]
[Site "Banff CAN"]
[Date "2022.11.11"]
[Round "1.30"]
[White "Jiang, William"]
[Black "Pivovarov, Juraj"]
[Result "0-1"]
[WhiteElo "1651"]
[BlackElo "1939"]
[PlyCount "62"]
[EventDate "2022.11.11"]
[EventType "swiss"]
[EventRounds "6"]
[EventCountry "CAN"]

1. e4 c5 2. Nf3 d6 3. Bb5+ Bd7 4. Bxd7+ Qxd7 5. c4 g6 6. O-O Bg7 7. Nc3 Nc6 8.
d3 Nf6 9. Be3 O-O 10. h3 e6 11. d4 cxd4 12. Nxd4 Rfd8 13. f4 Rac8 14. Ndb5 a6
15. Na3 d5 16. Bb6 Rf8 17. e5 Ne8 18. Bc5 Ne7 19. Bxe7 Qxe7 20. cxd5 exd5 21.
Nxd5 Qc5+ 22. Kh2 Rd8 23. Qg4 Rxd5 24. Rac1 Qe7 25. Nc4 Qe6 26. Qf3 f6 27. exf6
Nxf6 28. Rfe1 Qf7 29. Ne5 Qe8 30. Nxg6 Qxg6 31. Re6 Qd3 0-1

[Event "Banff op U2200"]
[Site "Banff CAN"]
[Date "2022.11.11"]
[Round "1.31"]
[White "Gerona, Joshua"]
[Black "Xu, Joey"]
[Result "1-0"]
[WhiteElo "1894"]
[BlackElo "1628"]
[PlyCount "67"]
[EventDate "2022.11.11"]
[EventType "swiss"]
[EventRounds "6"]
[EventCountry "CAN"]

1. e4 c5 2. Nf3 d6 3. d4 cxd4 4. Nxd4 Nf6 5. Nc3 g6 6. Be3 a6 7. f3 b5 8. a3
Bb7 9. Qd2 Nbd7 10. O-O-O h5 11. h4 Rc8 12. Kb1 Ne5 13. Be2 Nc4 14. Bxc4 bxc4
15. Nde2 Qa5 16. Nd5 Qxd2 17. Nxf6+ exf6 18. Rxd2 Rd8 19. Rhd1 Be7 20. Bf4 f5
21. exf5 gxf5 22. Nd4 d5 23. Nxf5 Bc5 24. c3 f6 25. Be3 Be7 26. Re2 Kf7 27.
Nxe7 Kxe7 28. Bb6+ Kd7 29. Bxd8 Kxd8 30. Rde1 Bc8 31. Re7 Bf5+ 32. Kc1 Rg8 33.
Rf7 Rg6 34. b3 {illisible} 1-0

[Event "Banff op U2200"]
[Site "Banff CAN"]
[Date "2022.11.11"]
[Round "1.32"]
[White "Jin, Eric"]
[Black "Ratte, Cameron"]
[Result "1-0"]
[WhiteElo "1623"]
[BlackElo "1882"]
[PlyCount "147"]
[EventDate "2022.11.11"]
[EventType "swiss"]
[EventRounds "6"]
[EventCountry "CAN"]

1. d4 d5 2. c4 e6 3. Nc3 Bb4 4. Qa4+ Nc6 5. Nf3 Bd7 6. Qc2 Nf6 7. cxd5 exd5 8.
e3 O-O 9. Bd3 Re8 10. O-O Bd6 11. a3 Ne7 12. b4 c6 13. Ne5 Qc8 14. Bb2 Bf5 15.
Rac1 Bxd3 16. Qxd3 Qf5 17. Qxf5 Nxf5 18. Nd3 Bf8 19. b5 Nd6 20. bxc6 bxc6 21.
Ne5 Rec8 22. a4 c5 23. dxc5 Nc4 24. Nxc4 dxc4 25. Nb5 Rxc5 26. Bd4 Rcc8 27.
Nxa7 Rc7 28. Nb5 Rcc8 29. Nc3 Bb4 30. Ra1 Ra6 31. Rfc1 Bxc3 32. Bxc3 Nd5 33. a5
Nxc3 34. Rxc3 Rc5 35. g3 h5 36. Kg2 f5 37. Ra4 Raxa5 38. Rxa5 Rxa5 39. Rxc4 Kf7
40. Rc6 Ra4 41. Kf3 g6 42. h4 Rb4 43. Rd6 Ra4 44. Rd4 Ra2 45. Rb4 Rc2 46. Rb7+
Kf6 47. Rb6+ Kf7 48. Rb4 Ra2 49. e4 fxe4+ 50. Rxe4 Kf6 51. Rb4 Kf5 52. Rb5+ Kf6
53. Rb6+ Kf5 54. Ke3 Ra3+ 55. Kd4 Ra4+ 56. Kd5 Ra2 57. Rb8 Rd2+ 58. Kc5 Ke5 59.
Re8+ Kf5 60. Rf8+ Ke6 61. Kc4 Ke7 62. Rf4 Ke6 63. Kc3 Rd8 64. Re4+ Kf6 65. Rd4
Rc8+ 66. Kd3 Ra8 67. Ke4 Ra5 68. Rd6+ Kf7 69. Rd5 Ra4+ 70. Ke5 Ra7 71. Kf4 Ra4+
72. Kg5 Rg4+ 73. Kh6 Kf6 74. Rg5 1-0

[Event "Banff op U2200"]
[Site "Banff CAN"]
[Date "2022.11.11"]
[Round "1.33"]
[White "Perez, Gilbert"]
[Black "Dunne, Eoin"]
[Result "1-0"]
[WhiteElo "1870"]
[BlackElo "1609"]
[PlyCount "39"]
[EventDate "2022.11.11"]
[EventType "swiss"]
[EventRounds "6"]
[EventCountry "CAN"]

1. e4 c6 2. d3 d5 3. Nd2 e5 4. Ngf3 Bd6 5. g3 Nf6 6. Bg2 dxe4 7. dxe4 Bg4 8.
O-O O-O 9. Qe2 Qe7 10. Nc4 Bc7 11. Ne3 Bh5 12. Nf5 Qe6 13. Bh3 Bg4 14. Bxg4
Nxg4 15. Ng5 Qe8 16. Qxg4 g6 17. Nxh7 Kxh7 18. Qh4+ Kg8 19. Qf6 gxf5 20. Bh6
1-0

[Event "Banff op U2200"]
[Site "Banff CAN"]
[Date "2022.11.11"]
[Round "1.35"]
[White "Dave, Bhavik"]
[Black "Sharpe, Michael"]
[Result "1-0"]
[WhiteElo "1837"]
[BlackElo "1572"]
[PlyCount "107"]
[EventDate "2022.11.11"]
[EventType "swiss"]
[EventRounds "6"]
[EventCountry "CAN"]

1. d4 Nf6 2. c4 e6 3. Nf3 d5 4. g3 b6 5. Bg2 Bb7 6. O-O Be7 7. Nbd2 O-O 8. b3
Nbd7 9. Bb2 c5 10. e3 Rc8 11. Rc1 dxc4 12. Nxc4 cxd4 13. exd4 Nd5 14. Nfe5 N7f6
15. a3 Ba6 16. Re1 b5 17. Nd2 b4 18. Nc6 Qd7 19. Nxe7+ Qxe7 20. Nc4 Bxc4 21.
bxc4 bxa3 22. Bxa3 Qxa3 23. Ra1 Qb4 24. cxd5 Nxd5 25. Rxa7 Rc4 26. Bxd5 Rxd4
27. Qb1 Qxb1 28. Rxb1 Rxd5 29. Rbb7 Rdd8 30. f4 Ra8 31. Rxf7 Rxa7 32. Rxa7 e5
33. fxe5 Re8 34. Ra5 Re6 35. Kf2 h5 36. Kf3 Kf7 37. Kf4 Rb6 38. Kg5 Rh6 39.
Ra7+ Kf8 40. Rd7 Kg8 41. Rd6 Rh7 42. e6 Kf8 43. Kf5 h4 44. g4 h3 45. g5 Rh4 46.
Rd8+ Ke7 47. Rd7+ Kf8 48. Rc7 Ke8 49. Rxg7 Rb4 50. Rh7 Rb3 51. g6 Rf3+ 52. Kg4
Rf6 53. g7 Rg6+ 54. Kf5 1-0

[Event "Banff op U2200"]
[Site "Banff CAN"]
[Date "2022.11.11"]
[Round "1.36"]
[White "Xu, Hannah"]
[Black "Ivanescu, Matthew"]
[Result "0-1"]
[WhiteElo "1467"]
[BlackElo "1793"]
[PlyCount "96"]
[EventDate "2022.11.11"]
[EventType "swiss"]
[EventRounds "6"]
[EventCountry "CAN"]

1. d4 Nf6 2. Bf4 g6 3. e3 Bg7 4. Nf3 d6 5. c4 O-O 6. Nc3 Nbd7 7. Be2 Re8 8. d5
Nc5 9. Nd4 e5 10. dxe6 Nxe6 11. Nxe6 Bxe6 12. O-O Qd7 13. Qd2 Rad8 14. Rad1 Qc6
15. Nd5 Ne4 16. Qc2 Bxd5 17. Rxd5 Nf6 18. Rd2 d5 19. Bg5 dxc4 20. Rxd8 Rxd8 21.
Qxc4 Qxc4 22. Bxc4 Rd2 23. b4 Kf8 24. g3 Ne4 25. Bf4 Rd7 26. Rc1 g5 27. f3 Nd2
28. Kf2 gxf4 29. gxf4 Nxc4 30. Rxc4 c6 31. Kg3 Rd3 32. Re4 Ra3 33. Kg4 Rxa2 34.
h3 Rg2+ 35. Kh4 Bf6+ 36. Kh5 Rg3 37. f5 Rg5+ 38. Kh4 Kg7 39. f4 Rxf5+ 40. Kg4
Rb5 41. f5 Bc3 42. h4 Rxb4 43. Kf3 Rxe4 44. Kxe4 b5 45. Kd3 b4 46. Kc2 a5 47.
Kb3 c5 48. Kc2 a4 0-1

[Event "Banff op U2200"]
[Site "Banff CAN"]
[Date "2022.11.11"]
[Round "1.37"]
[White "Neame, Alex"]
[Black "Wang, April"]
[Result "1-0"]
[WhiteElo "1784"]
[BlackElo "1355"]
[PlyCount "117"]
[EventDate "2022.11.11"]
[EventType "swiss"]
[EventRounds "6"]
[EventCountry "CAN"]

1. e4 c6 2. Nf3 d5 3. d3 Bg4 4. Nbd2 Nd7 5. h3 Bh5 6. g4 Bg6 7. Nh4 e6 8. Nxg6
hxg6 9. Bg2 Bc5 10. Nb3 Bb6 11. Bd2 Qf6 12. Qe2 Qxb2 13. exd5 Qe5 14. Qxe5 Nxe5
15. Bc3 Bc7 16. dxc6 Nxc6 17. Bxg7 Rh7 18. Bc3 O-O-O 19. O-O-O Be5 20. d4 Bf4+
21. Kb1 Nge7 22. Bb2 Nd5 23. Nc5 Rdh8 24. c4 Nb6 25. d5 exd5 26. Bxh8 Rxh8 27.
cxd5 Na5 28. Ne4 Rd8 29. Nc3 Be5 30. Rc1 Kb8 31. h4 Bxc3 32. Rxc3 Nac4 33. f4
Re8 34. Bf3 Nd2+ 35. Kc2 Nxf3 36. Rxf3 Nxd5 37. Kb3 Nf6 38. h5 Rh8 39. Rg3 gxh5
40. gxh5 Rxh5 41. Rxh5 Nxh5 42. Rg4 f5 43. Rh4 Ng3 44. Kc4 Kc7 45. Kd5 Kb6 46.
Rh7 a5 47. Ke5 Kc5 48. Rxb7 a4 49. a3 Kc4 50. Rb4+ Kd3 51. Rxa4 Ke3 52. Rb4 Kf3
53. a4 Kg4 54. a5 Ne2 55. a6 Nc3 56. a7 Na2 57. Rc4 Kf3 58. a8=Q+ Kg3 59. Qg8+
1-0

[Event "Banff op U2200"]
[Site "Banff CAN"]
[Date "2022.11.11"]
[Round "1.38"]
[White "Wu, Nicholas"]
[Black "Ramalho, David"]
[Result "0-1"]
[WhiteElo "1342"]
[BlackElo "1776"]
[PlyCount "56"]
[EventDate "2022.11.11"]
[EventType "swiss"]
[EventRounds "6"]
[EventCountry "CAN"]

1. d4 Nf6 2. Bf4 e6 3. e3 d5 4. Nd2 Nbd7 5. Ngf3 Bd6 6. Bg3 Qe7 7. Bd3 e5 8.
dxe5 Nxe5 9. Nxe5 Bxe5 10. c3 O-O 11. O-O Ng4 12. Qf3 Bd7 13. Qxd5 Bc6 14. Qc4
Bxg3 15. Qxg4 Bxh2+ 16. Kh1 Rad8 17. Kxh2 Rxd3 18. Nb3 Rd6 19. Nd4 Qe5+ 20. Qf4
Qh5+ 21. Kg1 Bxg2 22. Kxg2 Rg6+ 23. Qg3 Rxg3+ 24. fxg3 Re8 25. Rf3 Qd5 26. a3
Rxe3 27. Raf1 c5 28. Kg1 cxd4 0-1

[Event "Banff op U2200"]
[Site "Banff CAN"]
[Date "2022.11.11"]
[Round "1.39"]
[White "Chen, Ryan"]
[Black "Atwood, Matthew"]
[Result "1-0"]
[WhiteElo "1770"]
[BlackElo "1303"]
[PlyCount "58"]
[EventDate "2022.11.11"]
[EventType "swiss"]
[EventRounds "6"]
[EventCountry "CAN"]

1. e4 c6 2. d4 d5 3. e5 Bf5 4. h4 h5 5. Bd3 Bxd3 6. Qxd3 e6 7. Nf3 Nd7 8. Bg5
Qb6 9. Nbd2 Ne7 10. O-O c5 11. dxc5 Nxc5 12. Qe2 Nc6 13. c4 d4 14. Ne4 Nd7 15.
Nd6+ Bxd6 16. exd6 f6 17. Qxe6+ Kd8 18. Bf4 Rf8 19. Rfe1 a5 20. Rad1 Nc5 21.
Qd5 d3 22. Be3 Nb4 23. Qxc5 Qxc5 24. Bxc5 Rc8 25. Bxb4 axb4 26. Rxd3 Rxc4 27.
Re7 Rc1+ 28. Kh2 Rc2 29. Nd4 Rxb2 1-0

[Event "Banff op U2200"]
[Site "Banff CAN"]
[Date "2022.11.11"]
[Round "1.40"]
[White "Wang, Lucas"]
[Black "Sembrano, Joshua"]
[Result "1/2-1/2"]
[WhiteElo "1238"]
[BlackElo "1746"]
[PlyCount "101"]
[EventDate "2022.11.11"]
[EventType "swiss"]
[EventRounds "6"]
[EventCountry "CAN"]

1. d4 d5 2. Bf4 Nf6 3. e3 Bf5 4. Nf3 e6 5. Nbd2 c5 6. Bxb8 Rxb8 7. Bb5+ Ke7 8.
Ne5 cxd4 9. exd4 Qb6 10. a4 Qxd4 11. Qe2 a6 12. Bxa6 Ng4 13. Nef3 Qxf2+ 14.
Qxf2 Nxf2 15. Kxf2 bxa6 16. b3 g6 17. Nd4 Bg7 18. Nc6+ Kd6 19. Nxb8 Bxa1 20.
Nxa6 Bd4+ 21. Ke2 Ra8 22. Nb4 e5 23. Rd1 Bg4+ 24. Nf3 Rb8 25. c3 Bxc3 26. Nxd5
Bd4 27. Nf6 Bxf3+ 28. gxf3 Rxb3 29. Nxh7 Rb2+ 30. Kd3 Rxh2 31. Ng5 f6 32. Ne4+
Ke6 33. Rc1 f5 34. Nd2 Kd5 35. Re1 Rh3 36. Kc2 Rh8 37. Rb1 Rc8+ 38. Kd1 Rc3 39.
Rb5+ Kc6 40. Ra5 g5 41. Ra6+ Bb6 42. a5 Kb5 43. Rxb6+ Kxa5 44. Rd6 Kb4 45. Rf6
g4 46. Rxf5 gxf3 47. Nxf3 e4 48. Ng5 Rc5 49. Rf4 Rxg5 50. Rxe4+ Kc3 51. Ke2
1/2-1/2

[Event "Banff op U2200"]
[Site "Banff CAN"]
[Date "2022.11.11"]
[Round "1.41"]
[White "Prasanna, Shreyas"]
[Black "Morrison, Scott"]
[Result "1-0"]
[WhiteElo "1704"]
[BlackElo "1227"]
[PlyCount "67"]
[EventDate "2022.11.11"]
[EventType "swiss"]
[EventRounds "6"]
[EventCountry "CAN"]

1. e4 e6 2. d4 d5 3. exd5 exd5 4. Bd3 Nf6 5. Nf3 h6 6. O-O Be7 7. h3 O-O 8. Bf4
Nbd7 9. Nbd2 c5 10. c3 Qb6 11. Qc2 Re8 12. Rfe1 Nf8 13. dxc5 Bxc5 14. Nb3 Bd6
15. Bxd6 Qxd6 16. Rxe8 Nxe8 17. Re1 Nf6 18. Nbd4 a6 19. Nf5 Bxf5 20. Bxf5 g6
21. Bd3 Kg7 22. Nd4 N6d7 23. Qe2 Nf6 24. Nb3 Re8 25. Qd2 Rxe1+ 26. Qxe1 Ne6 27.
Qe3 Qc7 28. Qa7 Nd7 29. Qe3 Nf6 30. Be2 Ne4 31. Bf3 Nf6 32. Nd4 Qd7 33. Qe5 Qc7
34. Nxe6+ 1-0

[Event "Banff op U2200"]
[Site "Banff CAN"]
[Date "2022.11.11"]
[Round "2.29"]
[White "Pivovarov, Juraj"]
[Black "Neame, Alex"]
[Result "0-1"]
[WhiteElo "1939"]
[BlackElo "1784"]
[PlyCount "94"]
[EventDate "2022.11.11"]
[EventType "swiss"]
[EventRounds "6"]
[EventCountry "CAN"]

1. e4 c5 2. Nf3 Nc6 3. d4 cxd4 4. Nxd4 Nf6 5. Nc3 g6 6. Be3 d6 7. f3 Bg7 8. Qd2
Nxd4 9. Bxd4 Bd7 10. Bc4 Qc7 11. Bb3 O-O 12. O-O-O Rfc8 13. h4 a5 14. h5 a4 15.
Bxf7+ Kxf7 16. hxg6+ hxg6 17. Nd5 Nxd5 18. Bxg7 Qxc2+ 19. Qxc2 Rxc2+ 20. Kxc2
Ne3+ 21. Kd2 Nxd1 22. Rh7 Kg8 23. Rh8+ Kxg7 24. Rxa8 Nxb2 25. Kc3 Nd1+ 26. Kd4
Kf7 27. Rh8 Be6 28. Rb8 Bxa2 29. Rxb7 Bb3 30. Ra7 Nb2 31. e5 Nc4 32. exd6 Nxd6
33. Kc5 Ke6 34. f4 Ne4+ 35. Kd4 Ng3 36. Ke3 Kd5 37. Kf3 Nf5 38. g4 Nd4+ 39. Kf2
e6 40. Ke3 Nc2+ 41. Kd3 a3 42. Ra5+ Kd6 43. Kc3 a2 44. Ra6+ Kd5 45. f5 a1=Q+
46. Rxa1 Nxa1 47. f6 Kd6 0-1

[Event "Banff op U2200"]
[Site "Banff CAN"]
[Date "2022.11.11"]
[Round "2.30"]
[White "Ramalho, David"]
[Black "Gerona, Joshua"]
[Result "0-1"]
[WhiteElo "1776"]
[BlackElo "1894"]
[PlyCount "67"]
[EventDate "2022.11.11"]
[EventType "swiss"]
[EventRounds "6"]
[EventCountry "CAN"]

1. c4 e6 2. g3 d5 3. Bg2 Nf6 4. cxd5 exd5 5. e3 Bd6 6. Ne2 O-O 7. Nbc3 c6 8.
O-O Bf5 9. d3 Re8 10. Re1 Nbd7 11. e4 Be6 12. Nf4 d4 13. Nxe6 fxe6 14. Ne2 Qb6
15. a3 a5 16. Qc2 e5 17. Bd2 Kh8 18. Reb1 c5 19. f4 Rec8 20. b3 Qa6 21. Qc4 b5
22. Qe6 Re8 23. Qf5 c4 24. fxe5 Bxe5 25. Nc1 c3 26. Bf4 Qd6 27. Ne2 Nc5 28.
Bxe5 Rxe5 29. Qf3 Rf8 30. Nc1 Nfxe4 31. Qd1 Nd2 32. b4 Qe7 33. Be4 Ncxe4 34.
dxe4 0-1

[Event "Banff op U2200"]
[Site "Banff CAN"]
[Date "2022.11.11"]
[Round "2.31"]
[White "Chen, Ryan"]
[Black "Perez, Gilbert"]
[Result "1-0"]
[WhiteElo "1770"]
[BlackElo "1870"]
[PlyCount "73"]
[EventDate "2022.11.11"]
[EventType "swiss"]
[EventRounds "6"]
[EventCountry "CAN"]

1. e4 e5 2. Nf3 Nc6 3. Bb5 a6 4. Ba4 Nf6 5. O-O b5 6. Bb3 Be7 7. d3 O-O 8. a4
Bb7 9. Nc3 b4 10. Nd5 d6 11. a5 Rb8 12. Re1 Nxd5 13. exd5 Na7 14. d4 exd4 15.
Qxd4 c5 16. dxc6 Nxc6 17. Qd3 Bf6 18. c3 bxc3 19. bxc3 Ne5 20. Nxe5 dxe5 21.
Qe3 Qc7 22. Ba3 Qc6 23. Qg3 Rfd8 24. Bc2 Rd2 25. Be4 Qc4 26. Rab1 Qc8 27. Qe3
Rd8 28. Bxb7 Rxb7 29. Rb6 Rxb6 30. axb6 g6 31. Rb1 Qd7 32. h3 Rb8 33. Qc5 Kg7
34. Qc7 Qd3 35. Qxb8 Qxb1+ 36. Kh2 Qb5 37. Qf8# 1-0

[Event "Banff op U2200"]
[Site "Banff CAN"]
[Date "2022.11.11"]
[Round "2.32"]
[White "Tolentino, Avelino Angelo"]
[Black "Prasanna, Shreyas"]
[Result "1/2-1/2"]
[WhiteElo "1845"]
[BlackElo "1704"]
[PlyCount "99"]
[EventDate "2022.11.11"]
[EventType "swiss"]
[EventRounds "6"]
[EventCountry "CAN"]

1. e4 e6 2. d4 d5 3. Nc3 Bb4 4. e5 c5 5. Bd2 cxd4 6. Nb5 Bc5 7. b4 Be7 8. Nxd4
Qb6 9. c3 Nc6 10. Nxc6 bxc6 11. Nf3 Ba6 12. Be2 f6 13. O-O fxe5 14. Nxe5 Nf6
15. Re1 O-O 16. Be3 Qb7 17. a4 Bxe2 18. Qxe2 Rae8 19. Bd4 Bd6 20. f3 Qc7 21.
Qf2 Ne4 22. Qh4 Bxe5 23. fxe4 Bxd4+ 24. cxd4 Qb6 25. exd5 exd5 26. Rxe8 Rxe8
27. Qf2 Qxb4 28. Rf1 Rf8 29. Qe3 Rxf1+ 30. Kxf1 Qb1+ 31. Kf2 Qg6 32. Qc3 Qd6
33. g3 Kf7 34. a5 Qf6+ 35. Kg2 Qe6 36. Qc5 Qd7 37. a6 Ke8 38. Qb4 Qc7 39. Qb7
Kd7 40. Qa8 h6 41. Qf8 Ke6 42. g4 Qf7 43. Qc8+ Kd6 44. Qb8+ Qc7 45. Qf8+ Qe7
46. Qb8+ Qc7 47. Qf8+ Qe7 48. Qb8+ Qc7 49. Qf8+ Qe7 50. Qb8+ 1/2-1/2

[Event "Banff op U2200"]
[Site "Banff CAN"]
[Date "2022.11.11"]
[Round "2.33"]
[White "Jackson, Mateo"]
[Black "Dave, Bhavik"]
[Result "1/2-1/2"]
[WhiteElo "1689"]
[BlackElo "1837"]
[PlyCount "51"]
[EventDate "2022.11.11"]
[EventType "swiss"]
[EventRounds "6"]
[EventCountry "CAN"]

1. e4 e5 2. Nf3 Nc6 3. d4 exd4 4. Nxd4 Bc5 5. Nb3 Bb6 6. Nc3 Nf6 7. Qe2 d6 8.
Be3 O-O 9. O-O-O Qe7 10. Bg5 Be6 11. Nd5 Bxd5 12. exd5 Qxe2 13. Bxe2 Ne4 14.
dxc6 Nxg5 15. cxb7 Rab8 16. Ba6 Ne6 17. f3 Nd8 18. Nd4 Bxd4 19. Rxd4 Nxb7 20.
Bxb7 Rxb7 21. Re1 Rfb8 22. b3 Kf8 23. Rde4 Rb4 24. Re7 R4b7 25. R7e4 Rb4 26.
Re7 1/2-1/2

[Event "Banff op U2200"]
[Site "Banff CAN"]
[Date "2022.11.11"]
[Round "2.34"]
[White "Ivanescu, Matthew"]
[Black "Jin, Eric"]
[Result "0-1"]
[WhiteElo "1793"]
[BlackElo "1623"]
[PlyCount "40"]
[EventDate "2022.11.11"]
[EventType "swiss"]
[EventRounds "6"]
[EventCountry "CAN"]

1. d4 Nf6 2. Bf4 c5 3. d5 Qb6 4. Be5 d6 5. Bc3 e6 6. dxe6 Bxe6 7. e3 Be7 8. Nd2
Nc6 9. Ngf3 O-O 10. Nc4 Qc7 11. Bxf6 Bxf6 12. c3 d5 13. Na3 a6 14. Nc2 b5 15.
Rb1 Qa5 16. a3 d4 17. exd4 Rfe8 18. Ne5 Bb3 19. Qd2 Bxc2 20. Qxc2 Nxd4 0-1

[Event "Banff op U2200"]
[Site "Banff CAN"]
[Date "2022.11.11"]
[Round "2.35"]
[White "Wang, Lucas"]
[Black "Ivanescu, Mark"]
[Result "0-1"]
[WhiteElo "1238"]
[BlackElo "1946"]
[PlyCount "68"]
[EventDate "2022.11.11"]
[EventType "swiss"]
[EventRounds "6"]
[EventCountry "CAN"]

1. d4 Nf6 2. Bg5 e6 3. e3 d5 4. Bd3 b6 5. Nd2 Be7 6. Ngf3 c5 7. c3 O-O 8. O-O
Ba6 9. Bxa6 Nxa6 10. Qe2 Nb8 11. Rfd1 Qc7 12. Bf4 Qb7 13. Rac1 Nbd7 14. c4 Rac8
15. Bg3 Qa6 16. Ra1 cxd4 17. Nxd4 dxc4 18. Rdc1 b5 19. a4 bxa4 20. Nxc4 Ne4 21.
Bf4 Rc5 22. b4 Rd5 23. b5 Qb7 24. Rxa4 e5 25. Qf3 exd4 26. Qxe4 Nc5 27. Na5 Qd7
28. Rxc5 Bxc5 29. Nc6 dxe3 30. Bxe3 Re8 31. Qc4 Rxe3 32. fxe3 Bxe3+ 33. Kf1
Rf5+ 34. Ke2 Qd2# 0-1

[Event "Banff op U2200"]
[Site "Banff CAN"]
[Date "2022.11.11"]
[Round "2.36"]
[White "Sembrano, Joshua"]
[Black "Yoker, Callum"]
[Result "1-0"]
[WhiteElo "1746"]
[BlackElo "1666"]
[PlyCount "65"]
[EventDate "2022.11.11"]
[EventType "swiss"]
[EventRounds "6"]
[EventCountry "CAN"]

1. d4 Nf6 2. Nc3 d5 3. Bf4 c5 4. e3 cxd4 5. exd4 a6 6. Nf3 Nc6 7. Ne5 Qb6 8.
Nxc6 Qxc6 9. h3 Bf5 10. Bd3 Bxd3 11. Qxd3 e6 12. O-O Be7 13. Rfe1 O-O 14. Nb1
Rfc8 15. c3 Ne4 16. Nd2 Nxd2 17. Qxd2 Bd6 18. Re2 b5 19. a3 a5 20. Bxd6 Qxd6
21. Ree1 Rc7 22. Qd3 Qb6 23. f4 Rac8 24. f5 b4 25. axb4 axb4 26. Ra6 Qb8 27.
fxe6 fxe6 28. Raxe6 bxc3 29. bxc3 Rxc3 30. Qf5 Rd8 31. Re7 Rf8 32. Rxg7+ Kxg7
33. Re7+ 1-0

[Event "Banff op U2200"]
[Site "Banff CAN"]
[Date "2022.11.11"]
[Round "2.41"]
[White "Morrison, Scott"]
[Black "Nalual, Bernie"]
[Result "1-0"]
[WhiteElo "1227"]
[BlackElo "1600"]
[PlyCount "71"]
[EventDate "2022.11.11"]
[EventType "swiss"]
[EventRounds "6"]
[EventCountry "CAN"]

1. d4 Nf6 2. Bf4 e6 3. Nf3 d5 4. Nc3 a6 5. e3 Nbd7 6. Bd3 Bb4 7. O-O c5 8. Nb1
c4 9. Be2 Nh5 10. Bg5 Nhf6 11. Ne5 O-O 12. c3 Bd6 13. f4 Qb6 14. Qc2 Ne4 15.
Bh4 f6 16. Nxc4 dxc4 17. Qxe4 Nb8 18. Bxc4 Qxb2 19. Bb3 Qxa1 20. Qc2 Kh8 21.
Nd2 Qxf1+ 22. Kxf1 Nc6 23. Bg3 Bd7 24. Ne4 Bc7 25. Kg1 Rac8 26. Qb2 b5 27. Nd2
Bb6 28. Bf2 Ne7 29. e4 f5 30. e5 a5 31. c4 bxc4 32. Bxc4 Rb8 33. Qa3 Nc6 34.
Qd6 Rfd8 35. Nf3 Ba7 36. Ng5 1-0

[Event "Banff op U2200"]
[Site "Banff CAN"]
[Date "2022.11.12"]
[Round "3.33"]
[White "Prasanna, Shreyas"]
[Black "Pivovarov, Juraj"]
[Result "1/2-1/2"]
[WhiteElo "1704"]
[BlackElo "1939"]
[PlyCount "59"]
[EventDate "2022.11.11"]
[EventType "swiss"]
[EventRounds "6"]
[EventCountry "CAN"]

1. e4 c5 2. Nc3 Nc6 3. f4 e6 4. Nf3 d5 5. Bb5 d4 6. Bxc6+ bxc6 7. Ne2 Be7 8.
O-O Nf6 9. d3 Rb8 10. Qe1 O-O 11. Qg3 Ba6 12. b3 Nxe4 13. Qh3 Nf6 14. Ne5 Qc7
15. Qf3 Rbc8 16. Ng3 Bd6 17. Ne4 Nxe4 18. Qxe4 f5 19. Qe2 Bxe5 20. Qxe5 Qxe5
21. fxe5 Rcd8 22. Ba3 Rd5 23. Rae1 g5 24. g3 Kg7 25. Kg2 Kg6 26. Rf2 Bb7 27.
Bc1 Rd7 28. Ba3 Rd5 29. Bc1 Rd7 30. Ba3 1/2-1/2

[Event "Banff op U2200"]
[Site "Banff CAN"]
[Date "2022.11.12"]
[Round "3.34"]
[White "Dunne, Eoin"]
[Black "Ratte, Cameron"]
[Result "0-1"]
[WhiteElo "1609"]
[BlackElo "1882"]
[PlyCount "88"]
[EventDate "2022.11.11"]
[EventType "swiss"]
[EventRounds "6"]
[EventCountry "CAN"]

1. e4 e6 2. d3 c5 3. Nd2 b6 4. g3 Bb7 5. Bg2 d6 6. f4 Nf6 7. h3 Be7 8. Ngf3 Nc6
9. O-O O-O 10. Qe1 b5 11. c3 b4 12. c4 Nd7 13. g4 Bf6 14. g5 Bd4+ 15. Nxd4 Nxd4
16. Qd1 f6 17. gxf6 Nxf6 18. Nf3 Nxf3+ 19. Qxf3 Nd7 20. Qg3 Qe7 21. Bd2 e5 22.
f5 Nf6 23. Bf3 Kf7 24. Kh2 Ke8 25. a3 a5 26. axb4 axb4 27. Rxa8+ Bxa8 28. Ra1
Bb7 29. Bd1 Kf7 30. Bg5 Ra8 31. Rxa8 Bxa8 32. Ba4 Qa7 33. b3 Nh5 34. Qh4 g6 35.
fxg6+ hxg6 36. Bd8 Kg7 37. Qe7+ Qxe7 38. Bxe7 Nf4 39. Bxd6 Nxd3 40. Kg3 Bxe4
41. Bxe5+ Nxe5 42. Kf4 Bc6 43. Bxc6 Nxc6 44. Ke4 Nd4 0-1

[Event "Banff op U2200"]
[Site "Banff CAN"]
[Date "2022.11.12"]
[Round "3.35"]
[White "Perez, Gilbert"]
[Black "Sharpe, Michael"]
[Result "1-0"]
[WhiteElo "1870"]
[BlackElo "1572"]
[PlyCount "59"]
[EventDate "2022.11.11"]
[EventType "swiss"]
[EventRounds "6"]
[EventCountry "CAN"]

1. e4 c5 2. Nc3 Nc6 3. f4 e6 4. Nf3 d6 5. g3 Be7 6. Bg2 a6 7. O-O Qc7 8. d3 Bd7
9. Ne2 Nf6 10. h3 O-O-O 11. g4 h5 12. g5 Ne8 13. Nh4 g6 14. c3 Ng7 15. Be3 Be8
16. d4 Kb8 17. Rb1 Na7 18. b4 c4 19. d5 b5 20. f5 gxf5 21. exf5 exf5 22. Nxf5
Nxf5 23. Rxf5 h4 24. Nd4 Rc8 25. Qd2 Qd8 26. Rbf1 Rg8 27. Kh2 Rg7 28. Nc6+ Nxc6
29. dxc6 Bxc6 30. Qd4 1-0